| 000 | 00412nam a22001697a 4500 | ||
|---|---|---|---|
| 003 | CEME | ||
| 005 | 20210628205341.0 | ||
| 008 | 210311b xxu||||| |||| 00| 0 eng d | ||
| 020 | _a0-262-57051-3 | ||
| 040 | _c. | ||
| 082 | _a620.104 GOO'S | ||
| 100 |
_aGoodman, Michael.R _975078 |
||
| 245 | _aStudy notes in system dynamics | ||
| 260 |
_aLONDON _bTHE MIT PRESS _c1983 |
||
| 300 | _a387P | ||
| 942 |
_cBK _2ddc |
||
| 999 |
_c580566 _d580566 |
||